[Event "Royals-Dragons"]
[Site "?"]
[Date "1999.02.23"]
[Round "?"]
[White "Guio, J"]
[Black "Ludwig, T"]
[Result "1-0"]
[WhiteElo "2012"]
[BlackElo "2078"]
[PlyCount "52"]
[EventDate "1999.??.??"]

1. e4 c5 2. Nf3 Nc6 3. d4 cxd4 4. Nxd4 g6 5. Bc4 Bg7 6. Be3 Nf6 7. Nc3 7... O-O
{ } 8. Bb3 Qa5 9. f3 9... d5 {  taking advantage of the pinned N} 10. O-O Rd8 (
10... dxe4 11. fxe4 11... Ng4 { } 12. Nxc6 bxc6 13. Bd4 { } 13... Ne5 {idea Ba6
} (13... Rd8 $2 14. Bxf7+) (13... Bxd4+ 14. Qxd4 Ba6) (13... e5 $2 {
blocks Bg7 and Black has f7 to keep protected} 14. Bf2 Rd8)) 11. exd5 { } 11...
Nb4 {to win back d-pawn, but White has seen deeper} 12. Qe1 {
looking toward the unprotected Qa5} 12... Nbxd5 { } 13. Nxd5 Qxe1 14. Nxe7+ $1
{ White already has a winning position} 14... Kf8 15. Rfxe1 15... Kxe7 {
White's combo has netted a P and active pieces.This move walks Ke7 onto to a
nasty square.} 16. Bh6+ $2 (16. Nc6+ $1 { } 16... Kd7 (16... bxc6 17. Bc5+ Kd7
18. Re7#) 17. Rad1+ (17. Nxd8 Kxd8 18. Rad1+ Bd7)) 16... Kf8 17. Bxg7+ Kxg7 18.
c3 18... Kf8 { } 19. Re5 (19. Rad1 {with idea Nb5-d6}) 19... Bd7 20. Rae1 20...
Ne8 { } 21. Kf2 (21. Re7 Nd6 (21... Be6 $2 {wins another P} 22. Nxe6+ $1 22...
Kxe7 (22... fxe6 23. R7xe6 Rd2 24. R6e2) 23. Nxd8+ Kxd8 24. Bxf7)) 21... Rac8
22. f4 22... Nd6 { } 23. h3 h5 24. Re7 Nc4 25. R7e2 Rc5 26. Nf3 26... Na5 { }
1-0

[Event "Royals-Dragons"]
[Site "?"]
[Date "1999.02.23"]
[Round "?"]
[White "Ogiasawara, L"]
[Black "Christian, R"]
[Result "1-0"]
[WhiteElo "1804"]
[BlackElo "1813"]
[PlyCount "77"]
[EventDate "1999.??.??"]

1. e4 e5 2. Nf3 Nc6 3. Bc4 Bc5 4. c3 Nf6 5. d4 exd4 6. cxd4 Bb4+ 7. Bd2 Bxd2+
8. Nbxd2 d5 9. exd5 Nxd5 10. Qb3 Nce7 11. O-O O-O 12. Ne4 c6 13. Rad1 Qc7 14.
Rfe1 Bg4 15. h3 Bh5 16. Ng3 Bg6 17. Ne5 Rad8 18. Nxg6 Nxg6 19. Ne4 Kh8 20. Nc3
Nxc3 21. bxc3 Rd6 22. Re3 Rd7 23. Rde1 Re7 24. Qa3 Rxe3 25. Rxe3 a6 26. Bd3 Rd8
27. Bxg6 hxg6 28. Re7 Rd7 29. Re8+ Kh7 30. Qf8 g5 31. Qh8+ Kg6 32. Rg8 f6 33.
g4 Kf7 34. Rxg7+ Ke6 35. Qg8+ Kd6 36. Qf8+ Ke6 37. Qe8+ Re7 38. Qg8+ Rf7 39. c4
1-0

[Event "Sears-Excaliburs"]
[Site "?"]
[Date "1999.??.??"]
[Round "?"]
[White "Sims, L"]
[Black "Suerth, F"]
[Result "1-0"]
[WhiteElo "1825"]
[BlackElo "1605"]
[PlyCount "112"]
[EventDate "1999.??.??"]

1. e4 c5 2. Nc3 d6 3. g3 Nc6 4. Bg2 g6 5. d3 Bg7 6. Be3 Qa5 7. Qd2 e6 8. Nge2
Nge7 9. O-O Qc7 10. Nb5 Qd7 11. c3 Ne5 12. Na3 O-O 13. h3 b6 14. d4 N5c6 15.
Rad1 Ba6 16. dxc5 bxc5 17. Bxc5 Rad8 18. Rfe1 Nc8 19. Nc2 Rfe8 20. Nf4 Bh6 21.
Be3 Bg7 22. Nd3 Ne5 23. Nxe5 Bxe5 24. Nb4 Bb7 25. Nd3 Bg7 26. Nc5 Qc7 27. Nxb7
Qxb7 28. Qc2 Qc7 29. Bd4 e5 30. Be3 Nb6 31. b3 h5 32. Rd3 Bf6 33. Red1 Nc8 34.
h4 Qe7 35. Qd2 Kh7 36. Bh3 Qc7 37. c4 Qb7 38. f3 Be7 39. Qa5 Rf8 40. Bxc8 Qxc8
41. Kg2 Qe6 42. c5 dxc5 43. Rxd8 Bxd8 44. Rxd8 Rxd8 45. Qxd8 Qa6 46. Qd2 Qb5
47. Qc2 a6 48. Bxc5 Kg7 49. Bd6 Kf6 50. f4 exf4 51. Bxf4 Qb7 52. Qc3+ Ke7 53.
Qc7+ Qxc7 54. Bxc7 Ke6 55. Kf3 f5 56. exf5+ Kxf5 1-0

[Event "Excaliburs-Sears"]
[Site "?"]
[Date "1999.??.??"]
[Round "?"]
[White "Burian, D"]
[Black "Langer, D"]
[Result "1/2-1/2"]
[WhiteElo "1604"]
[BlackElo "1573"]
[PlyCount "72"]
[EventDate "1999.??.??"]

1. e4 e5 2. Nf3 Nc6 3. Bc4 Bc5 4. c3 Nf6 5. d4 exd4 6. cxd4 Bb4+ 7. Bd2 Nxe4 8.
Bxb4 Nxb4 9. Bxf7+ Kxf7 10. Qb3+ d5 11. Qxb4 Rf8 12. O-O Kg8 13. h3 Ng5 14.
Nbd2 Nxf3+ 15. Nxf3 Bxh3 16. Qb3 Bc8 17. Rae1 c6 18. Re3 Qb6 19. Qc2 Bf5 20.
Qd2 Rae8 21. Ne5 Qc7 22. Rfe1 Re7 23. Qd1 Rfe8 24. Qh5 g6 25. Qg5 Rg7 26. Ng4
Rxe3 27. Rxe3 Bxg4 28. Qxg4 Re7 29. Qg5 Rxe3 30. Qxe3 Qf7 31. a3 Qf5 32. Qe8+
Kg7 33. Qe7+ Qf7 34. Qe5+ Kh6 35. Qh2+ Kg7 36. Qe5+ Kh6 1/2-1/2

[Event "Sears-Excaliburs"]
[Site "?"]
[Date "1999.??.??"]
[Round "?"]
[White "Balase, E"]
[Black "Oelhafen, A"]
[Result "1-0"]
[WhiteElo "1402"]
[BlackElo "1278"]
[PlyCount "57"]
[EventDate "1999.??.??"]

1. d4 e6 2. e3 d5 3. f4 Nf6 4. Nf3 Ne4 5. Bd3 Nc6 6. c3 Ne7 7. O-O Nf5 8. Bd2
Be7 9. Qc1 Bd7 10. Be1 h6 11. Ne5 g5 12. Bf2 gxf4 13. exf4 Rg8 14. Qd1 Nxf2 15.
Rxf2 Ne3 16. Qe2 Nf5 17. Qh5 Rg7 18. Nd2 Bf6 19. Ndf3 Qe7 20. Re2 O-O-O 21. b4
a6 22. a4 Bxe5 23. fxe5 Rdg8 24. Raa2 Be8 25. Qh3 f6 26. Bxf5 exf5 27. Qxf5+
Bd7 28. Qxf6 Bh3 29. Nh4 {Bl flagged} 1-0

[Event "Motorola-Exemplars"]
[Site "?"]
[Date "1999.03.09"]
[Round "?"]
[White "Hasan, Y"]
[Black "Benesa, A"]
[Result "0-1"]
[WhiteElo "2177"]
[BlackElo "2243"]
[PlyCount "81"]
[EventDate "1999.??.??"]

1. e4 c5 2. Nc3 a6 3. Nf3 b5 4. d4 cxd4 5. Nxd4 Bb7 6. Bd3 d6 7. O-O Nf6 8. a3
8... Nbd7 { } 9. f4 e6 10. Qe2 Qc7 11. f5 {
releases center pressure, what will White do now?} 11... e5 12. Nb3 { } 12...
Be7 13. Be3 {Qf3-g3 and/or g4 are typical White moves, but Black has the
option of 0-0-0 and Kside attack!} 13... Nc5 14. Bf2 { } 14... h5 {
discourages g4 & supports Ng4} (14... d5 {
the normal break, just leads to mass exchanges} 15. exd5 Nxb3 (15... Nxd5 16.
Nxd5 Bxd5 17. Nxc5 Bxc5 18. Bxc5 Qxc5+) 16. cxb3 Nxd5 17. Nxd5 Bxd5) 15. h3 Rc8
16. Rae1 Ncd7 17. Qe3 { } 17... Rb8 {
indicating Black's plan of eventually pushing -a5 & -b4} 18. Rd1 Bc6 19. Rfe1
19... Nb6 { setting up -d5 and possible Nd5-f4} 20. Na5 Bd7 (20... Ba8 {
clears d-file for Rd8 to prepare -d5}) 21. Bf1 O-O (21... h4 $5 {
with idea Nh5-f4 then Bg5} 22. Be2 {
Black could play -d5 if 20  -Ba8 instead of 20 -Bd7} 22... Nh5 (22... d5 $2 23.
exd5 Bxf5 24. Nc6 {is good for White}) 23. Bxh5 Rxh5 24. Qe2 Rh8 25. Be3 { }
25... Nc4 26. Nxc4 Qxc4 27. Nd5 { } 27... Bd8 (27... Qxe4 $4 28. Nxe7 Kxe7 29.
Bg5+)) (21... Nh7 $2 22. Be2 22... Bg5 $2 23. Qd3 Ke7 24. Bxh5) 22. Qf3 22...
Rfd8 { } 23. b4 Rdc8 (23... Rbc8 {
pressure down c-file and still looking to get -d5 in}) 24. Rd3 Nc4 25. Nxc4
bxc4 26. Rdd1 26... a5 { Finally opening lines, but White's pieces are ready}
27. Rb1 axb4 28. axb4 28... d5 { } 29. Nxd5 Nxd5 30. exd5 30... Bxb4 { } 31.
Red1 Bc5 32. d6 Bxf2+ 33. Qxf2 Qc6 34. Rxb8 34... Rxb8 { } 35. Qe2 Qc5+ 36. Kh2
Bxf5 37. d7 { } 37... Rd8 38. Qxc4 Qxc4 39. Bxc4 Bxc2 40. Rd5 Ba4 41. Rxe5 {
Wh flagged in this equal position} 0-1

[Event "Exemplars-Motorola"]
[Site "?"]
[Date "1999.03.09"]
[Round "?"]
[White "Inumerable, F"]
[Black "Wallach, C"]
[Result "1-0"]
[WhiteElo "2289"]
[BlackElo "2071"]
[PlyCount "61"]
[EventDate "1999.??.??"]

1. d4 Nf6 2. c4 g6 3. Nf3 Bg7 4. g3 O-O 5. Bg2 d6 6. O-O Nc6 7. Nc3 e5 8. d5
Nb8 9. e4 Nbd7 10. Rb1 Nc5 11. Re1 a5 12. b3 Ne8 13. a3 f5 14. Be3 fxe4 15. Ng5
Nf6 16. b4 axb4 17. axb4 Bg4 18. Qc2 Na6 19. h3 Bd7 20. Ncxe4 Qe7 21. Red1 Kh8
22. g4 Rad8 23. c5 Nxe4 24. Nxe4 h6 25. b5 Nb8 26. c6 bxc6 27. bxc6 Bxc6 28.
dxc6 d5 29. Bc5 Qf7 30. Bxf8 Rxf8 31. Qa2 1-0

[Event "Motorola-Exemplars"]
[Site "?"]
[Date "1999.03.09"]
[Round "?"]
[White "Abbot, J"]
[Black "Gazmen, B"]
[Result "0-1"]
[WhiteElo "1907"]
[BlackElo "2074"]
[PlyCount "120"]
[EventDate "1999.??.??"]

1. f4 Nf6 2. Nf3 g6 3. e3 Bg7 4. Be2 d6 5. d3 Nc6 6. O-O O-O 7. e4 Bg4 8. Nc3
a5 9. a3 Qb8 10. Qe1 b5 11. Nd1 Bxf3 12. Bxf3 Nd4 13. Ne3 e5 14. Bd1 exf4 15.
Rxf4 Ne6 16. Rf1 Qa7 17. Kh1 Rfe8 18. Ng4 Nxg4 19. Bxg4 Nd4 20. Bd1 c5 21. c3
Ne6 22. Bf3 Rad8 23. Rb1 Qe7 24. Bd2 Rb8 25. Qc1 Be5 26. Be1 Kg7 27. Bg4 h5 28.
Bxe6 fxe6 29. Rf3 Rf8 30. Qe3 Rxf3 31. Qxf3 Rf8 32. Qe2 Rf7 33. Bd2 Qh4 34. g3
Bxg3 35. Qg2 Rf2 36. Bg5 Qxg5 37. Qxg3 Qxg3 38. hxg3 Rd2 39. b4 axb4 40. cxb4
cxb4 41. Rxb4 Rxd3 42. Kg2 Rxa3 43. Rxb5 Kf6 44. Kh3 Re3 45. Rb4 g5 46. Kg2 Ke5
47. Rb5+ d5 48. exd5 exd5 49. Kf2 Ra3 50. Rc5 Ke4 51. Rb5 Ra2+ 52. Kf1 g4 53.
Kg1 Ra3 54. Rb4+ Kf3 55. Rf4+ Kxg3 56. Rf1 d4 57. Kh1 d3 58. Rd1 d2 59. Rg1+
Kh3 60. Rd1 Re3 0-1

[Event "Motorola-Exemplars"]
[Site "?"]
[Date "1999.03.09"]
[Round "?"]
[White "Ausburger, L"]
[Black "Friske, T"]
[Result "0-1"]
[WhiteElo "1741"]
[BlackElo "1940"]
[PlyCount "66"]
[EventDate "1999.??.??"]

1. e4 Nf6 2. Nc3 d5 3. e5 Nfd7 4. Nf3 Nb6 5. d4 Bf5 6. Bd3 Bxd3 7. Qxd3 e6 8.
O-O Na6 9. Ne2 c5 10. Qb5+ Qd7 11. Qxd7+ Nxd7 12. Be3 f6 13. Nf4 Kf7 14. c3 Be7
15. Rfe1 fxe5 16. Nxe5+ Nxe5 17. dxe5 b5 18. a3 c4 19. Ne2 Bc5 20. Nd4 Bxd4 21.
Bxd4 Rhc8 22. f4 Nb8 23. a4 b4 24. cxb4 Nc6 25. Bc5 a5 26. b5 Nxe5 27. Rxe5
Rxc5 28. Rae1 Rd8 29. Rxe6 d4 30. R6e4 c3 31. bxc3 dxc3 32. R4e2 c2 33. Re7+
Kf8 0-1

[Event "Motorola"]
[Site "?"]
[Date "1999.03.09"]
[Round "?"]
[White "Thomson, J"]
[Black "Goncharoff, N"]
[Result "1-0"]
[WhiteElo "1495"]
[BlackElo "1734"]
[PlyCount "85"]
[EventDate "1999.??.??"]

1. e4 e5 2. Nf3 Nc6 3. Bc4 Nf6 4. Ng5 d5 5. exd5 Nxd5 6. d4 { } 6... Be6 $2 (
6... exd4 $2 7. Qf3 {hitting Nd5 & Pf7} (7. Qe2+ Be7) 7... Qe7+ 8. Kf1) (6...
Be7 7. Qf3 (7. Qh5 g6 (7... O-O $4 8. Qxh7#) 8. Qh6) 7... Bxg5 (7... Nxd4 $4 8.
Qxf7+ Kd7 9. Qxd5+) 8. Bxg5 Qxg5 9. Bxd5) (6... h6 7. Nf3 (7. Qh5 g6 8. Qh4 Be7
)) 7. Nxe6 fxe6 8. O-O exd4 9. Re1 9... Qd6 $4 { } (9... Be7) 10. Qh5+ g6 11.
Qxd5 $1 {taking advantage of pinned Pe6} 11... O-O-O 12. Qxe6+ Qxe6 13. Bxe6+
13... Kb8 { } 14. Bg5 Be7 15. Bxe7 Nxe7 16. Nd2 Nc6 17. Nf3 a6 18. Rad1 { }
18... Nb4 19. Rxd4 Rxd4 20. Nxd4 { } 20... c5 21. a3 $1 21... cxd4 22. axb4 Re8
23. Kf1 Kc7 24. Bd5 Rxe1+ 25. Kxe1 {
Wh has forced an easy endgame, Black took 15 more moves to resign} 25... b6 26.
Ke2 Kd6 27. Bc4 a5 28. Kd3 Ke5 29. Bg8 h6 30. Kc4 g5 31. Kb5 axb4 32. Kxb4 h5
33. Kb5 g4 34. Kxb6 h4 35. Kc5 Kf4 36. Kxd4 g3 37. fxg3+ hxg3 38. hxg3+ Kxg3
39. b4 Kxg2 40. b5 Kf2 41. b6 Ke2 42. b7 Kd2 43. b8=Q 1-0

[Event "UOP-Northrup"]
[Site "?"]
[Date "1999.03.09"]
[Round "?"]
[White "Stevanovic, M"]
[Black "Minin, S"]
[Result "0-1"]
[WhiteElo "2216"]
[BlackElo "2126"]
[PlyCount "73"]
[EventDate "1999.??.??"]

1. Nf3 g6 2. c4 Bg7 3. d4 d6 4. g3 Nf6 5. Nc3 O-O 6. Bg2 Nbd7 7. O-O e5 8. d5
a5 9. e4 Nc5 10. Ne1 Bg4 11. f3 Bd7 12. Nd3 Nxd3 13. Qxd3 Nh5 14. Bd2 f5 15. b3
f4 16. g4 Nf6 17. a3 g5 18. h3 h5 19. Rac1 Kf7 20. Kf2 Rh8 21. Rh1 Bf8 22. b4
axb4 23. axb4 Ra3 24. Qe2 c6 25. Nb1 Ra2 26. Nc3 Ra3 27. Nb1 Qb6+ 28. c5 dxc5
29. Nxa3 cxb4+ 30. Ke1 bxa3 31. Qc4 cxd5 32. exd5 Bd6 33. Qa2 hxg4 34. Rb1 Qd4
35. fxg4 b6 36. Qa1 Qd3 37. Rf1 0-1

[Event "Northrop-UOP"]
[Site "?"]
[Date "1999.03.09"]
[Round "?"]
[White "Walker, A"]
[Black "Buerger, E"]
[Result "0-1"]
[WhiteElo "1670"]
[BlackElo "2024"]
[PlyCount "56"]
[EventDate "1999.??.??"]

1. Nf3 d5 2. c4 d4 3. b4 f6 4. e3 dxe3 5. fxe3 e5 6. a3 c5 7. bxc5 Bxc5 8. d4
exd4 9. exd4 Bb6 10. Bb2 Ne7 11. Nbd2 Nf5 12. Nb3 Ne3 13. Qe2 Qe7 14. Kd2 Nxf1+
15. Qxf1 O-O 16. h3 Be6 17. Re1 Qf7 18. d5 Rd8 19. Kc1 Bd7 20. Qd3 Na6 21. Bd4
Bxd4 22. Nfxd4 Rac8 23. Kb2 Rc7 24. g4 Rdc8 25. Rc1 Qg6 26. Qxg6 hxg6 27. Nd2
Nc5 28. Rhe1 Nd3+ 0-1

[Event "UOP-Northrop"]
[Site "?"]
[Date "1999.03.09"]
[Round "?"]
[White "Sajbel, P"]
[Black "Vigants, A"]
[Result "1/2-1/2"]
[WhiteElo "1814"]
[BlackElo "1608"]
[PlyCount "51"]
[EventDate "1999.??.??"]

1. c4 c5 2. Nc3 Nc6 3. e3 e5 4. f4 d6 5. Nf3 Bg4 6. Be2 Nf6 7. O-O Be7 8. b3
O-O 9. Bb2 Re8 10. h3 Be6 11. d4 Bf5 12. d5 Nb4 13. Qd2 Nh5 14. fxe5 Ng3 15.
Rf2 dxe5 16. a3 Na6 17. Nxe5 Bf6 18. Ng4 Bxc3 19. Qxc3 f6 20. Bf3 Qd6 21. Re1
Re7 22. Nh2 Rae8 23. Nf1 Nb8 24. Nxg3 Qxg3 25. Kf1 Nd7 26. d6 1/2-1/2

[Event "Northrop-UOP"]
[Site "?"]
[Date "1999.03.09"]
[Round "?"]
[White "Fong, R"]
[Black "Boldingh, E"]
[Result "0-1"]
[WhiteElo "1401"]
[BlackElo "1853"]
[PlyCount "57"]
[EventDate "1999.??.??"]

1. d4 Nf6 2. c4 c5 3. Nf3 cxd4 4. Nxd4 e5 5. Nb3 Bb4+ 6. Bd2 Qe7 7. Nc3 O-O 8.
Qc2 a5 9. e3 Nc6 10. f3 a4 11. Nc1 Bxc3 12. Bxc3 d5 13. cxd5 Nxd5 14. Bd2 Ncb4
15. Bxb4 Nxb4 16. Qb1 Qc5 17. Bd3 Qxe3+ 18. Be2 g6 19. b3 Bf5 20. Qb2 a3 21.
Qd2 Nc2+ 22. Kd1 Qxd2+ 23. Kxd2 Nxa1 24. Nd3 Bxd3 25. Bxd3 Nxb3+ 26. axb3 Rfd8
27. Ra1 b5 28. b4 a2 29. Kc1 0-1

[Event "UOP-Northrop"]
[Site "?"]
[Date "1999.03.09"]
[Round "?"]
[White "Lechnick, J"]
[Black "Elek, G"]
[Result "1-0"]
[WhiteElo "1811"]
[BlackElo "1086"]
[PlyCount "39"]
[EventDate "1999.??.??"]

1. e4 e5 2. Nf3 Nc6 3. Bb5 a6 4. Ba4 b5 5. Bb3 Nf6 6. O-O Nxe4 7. Re1 Nf6 8.
Nxe5 Nb4 9. Nxf7+ Be7 10. Nxd8 Kxd8 11. a3 Nbd5 12. Nc3 Nf4 13. d4 Ne6 14. Bxe6
dxe6 15. Bf4 h6 16. d5 exd5 17. Nxd5 Be6 18. Rxe6 Kd7 19. Rxe7+ Kc6 20. Rxc7#
1-0

[Event "Columbia-Aces"]
[Site "?"]
[Date "1999.02.11"]
[Round "?"]
[White "Santiago, T"]
[Black "Jakstas, K"]
[Result "1-0"]
[WhiteElo "2068"]
[BlackElo "2189"]
[PlyCount "59"]
[EventDate "1999.??.??"]

1. Nf3 d5 2. g3 g6 3. Bg2 Bg7 4. d3 Nf6 5. Nbd2 O-O 6. c4 c6 7. O-O Nbd7 8. Rb1
a5 9. a4 Nc5 10. Qc2 { } 10... Na6 11. b3 Nb4 12. Qd1 Re8 13. Bb2 13... Bf5 { }
14. Nh4 Bg4 15. Ndf3 Qc8 16. Qd2 16... Bh3 { } 17. Be5 Bxg2 18. Kxg2 Qd7 19.
Qb2 19... h6 { } 20. Qd2 Kh7 21. Nd4 Rac8 22. c5 { } 22... Ne4 $1 23. dxe4 Bxe5
24. f4 24... Bf6 { } 25. Ndf3 $1 25... e5 26. fxe5 Bxh4 27. Nxh4 27... Rxe5 { }
28. Rf6 Qe7 29. Rbf1 { } 29... g5 $4 (29... Rf8 $4 30. Nxg6 $1) (29... Kg7 $2
30. Rxf7+ Qxf7 31. Rxf7+ Kxf7 32. Qxh6 { } 32... Rg8 {Blacks not lost yet!} (
32... Rxe4 33. Qxg6+ (33. Qh7+ Ke8 34. Qxg6+ {transposes to analysis}) 33...
Kf8 (33... Ke7 34. Nf5+ Kd8 35. Qd6+ Ke8 36. Ng7+ Kf7 37. Qd7+ {wins Rc8} 37...
Kf6 38. Qxc8 Kxg7 (38... Rxe2+ $4 39. Kf3) 39. Qxb7+ Kg6 40. Kf3) 34. Qd6+ { }
{any move to 7th rank allows Qd7+ forking} 34... Kg8 (34... Ke8 35. Nf5 {
idea Ng7+ Kf7  Qd7+fork} 35... Rd8 36. Ng7+ Kf7 37. Qxd8) 35. Nf5 {threat: Ne7+
} 35... Rce8 (35... Kh8 36. Qh6+ Kg8 37. Qg7#) 36. Qg6+ {and Qg7#})) (29... Rc7
30. Rxf7+ Qxf7 31. Rxf7+ 31... Rxf7 {
and Black has an extra P over the 29-Kg7 analysis}) 30. Rxf7+ 1-0

[Event "Aces-Columbia"]
[Site "?"]
[Date "1999.02.11"]
[Round "?"]
[White "Czerniecki, A"]
[Black "McAlister, K"]
[Result "1/2-1/2"]
[WhiteElo "2000"]
[BlackElo "1972"]
[PlyCount "165"]
[EventDate "1999.??.??"]

1. e4 c6 2. Nf3 d5 3. exd5 cxd5 4. d4 Bg4 5. h3 Bh5 6. g4 Bg6 7. Ne5 a6 8. c3
Nd7 9. Bg2 Nxe5 10. dxe5 e6 11. O-O Bc5 12. c4 Ne7 13. Nc3 O-O 14. cxd5 exd5
15. Nxd5 Nc6 16. Bf4 Re8 17. Rc1 Ba7 18. e6 Rc8 19. Qd2 Rxe6 20. Bg5 Qe8 21.
Nf4 Re5 22. Rfe1 Be4 23. Bxe4 Rxe4 24. Rxe4 Qxe4 25. Re1 Qf3 26. Bh4 h6 27. Bg3
Qxg3+ 28. Kf1 Qf3 29. Ng2 Qxh3 30. Qd7 Rf8 31. Re8 Qh1+ 32. Ke2 Rxe8+ 33. Qxe8+
Kh7 34. Qe4+ g6 35. Qd5 Nd4+ 36. Kd2 Ne6 37. Qxb7 Bd4 38. Qxf7+ Bg7 39. Ne3 Qe4
40. b3 Qd4+ 41. Ke2 Qb2+ 42. Kf1 Nd4 43. Kg2 Ne2 44. a4 Qc1 45. Nd5 Qg1+ 46.
Kf3 Nd4+ 47. Ke3 Nc2+ 48. Kd2 Qa1 49. Kxc2 Qb2+ 50. Kd3 Qxb3+ 51. Ke2 Qc4+ 52.
Kf3 Qd3+ 53. Kg2 Qe4+ 54. Kh2 Qe5+ 55. Kh3 h5 56. f3 Kh6 57. Nf4 hxg4+ 58. Kxg4
Qg5+ 59. Kh3 Qf5+ 60. Qxf5 gxf5 61. Ne6 Bc3 62. Kg3 Bd2 63. Nc5 a5 64. Nb3 Bc3
65. Kf4 Kg6 66. Ke3 Kg5 67. Kd3 Bb4 68. Kc4 Kf4 69. Nd4 Be1 70. Kd5 Bc3 71.
Ne2+ Kxf3 72. Nxc3 Ke3 73. Ke5 Kd3 74. Nd5 Kc4 75. Kd6 f4 76. Nb6+ Kd4 77. Nd5
f3 78. Nf4 f2 79. Ne2+ Kc4 80. Ng3 Kb4 81. Kd5 Kxa4 82. Kc4 Ka3 83. Kc3 1/2-1/2

[Event "Columbia-Aces"]
[Site "?"]
[Date "1999.02.11"]
[Round "?"]
[White "Hayes, W"]
[Black "Sagalovsky, L"]
[Result "1-0"]
[WhiteElo "1938"]
[BlackElo "1977"]
[PlyCount "87"]
[EventDate "1999.??.??"]

1. e4 c5 2. c3 d6 3. d4 cxd4 4. cxd4 Nf6 5. Nc3 g6 6. Nf3 Bg7 7. Bc4 O-O 8. Bg5
Nc6 9. Qd2 Nxe4 10. Bxf7+ Rxf7 11. Nxe4 Bg4 12. d5 Bxf3 13. gxf3 Nd4 14. O-O-O
Rc8+ 15. Kb1 Rc2 16. Qb4 Qc7 17. Rxd4 a5 18. Qa4 Rxb2+ 19. Kxb2 Qb6+ 20. Kc3 e6
21. Qe8+ Rf8 22. Qxe6+ Kh8 23. Bf6 Bxf6 24. Nxf6 Qc5+ 25. Kd3 Rc8 26. Ne4 Qa3+
27. Ke2 Qb2+ 28. Rd2 Qb5+ 29. Ke3 Re8 30. Qxd6 Qc4 31. Rhd1 Qc3+ 32. Rd3 Qg7
33. Qc5 Qh6+ 34. Ke2 Qxh2 35. Qd4+ Kg8 36. d6 Rd8 37. Qf6 Rd7 38. Qe6+ Rf7 39.
d7 Kg7 40. d8=Q Qf4 41. Qd4+ Kf8 42. Qdd6+ Qxd6 43. Qxd6+ Kg7 44. Qe5+ 1-0

[Event "Aces-Columbia"]
[Site "?"]
[Date "1999.02.11"]
[Round "?"]
[White "Golla, R"]
[Black "Groeger, A"]
[Result "0-1"]
[WhiteElo "1914"]
[BlackElo "1735"]
[PlyCount "120"]
[EventDate "1999.??.??"]

1. Nf3 Nf6 2. c4 c6 3. Nc3 d5 4. d4 e6 5. e3 Be7 6. Bd3 dxc4 7. Bxc4 b5 8. Bd3
a6 9. O-O 9... Nbd7 { } 10. e4 c5 11. e5 Nd5 12. Ne4 12... cxd4 { an interestin
g position.  Wh has pieces facing Kside, but how to continue building
pressure? Black is a P up (not for long) and his pieces have good future.} 13.
Nd6+ {But this trades an attacker and isolates another P} (13. a3 {
a slow move, but Wh can build Bc2,Qd3 & maybe b4, Bb2}) 13... Bxd6 14. exd6 { }
14... Qb6 (14... e5 15. Re1 15... O-O {and Black is fine} (15... f6 $2 16. Nxd4
{idea Qh5+, White has a natural attack})) 15. Be4 Qxd6 16. Qxd4 16... N7f6 { }
17. Bb1 Bb7 18. Bg5 Rc8 19. Bd3 { } 19... Qc5 (19... O-O) 20. Qh4 20... Qb4 { }
21. Bxf6 $2 {Probably trying to create a weakness} 21... gxf6 22. Qxb4 22...
Nxb4 { the trades have favored Black. White's B is useless. Black has the
initative and uses it well.} 23. Ne1 23... Rd8 $1 24. Be2 24... Rd2 {
Black wins another P} 25. Bf3 Bxf3 26. Nxf3 Rxb2 27. a3 27... Nd5 { } 28. Rfe1
Kd7 29. Re4 Rg8 30. Rh4 Rg7 31. a4 { } 31... b4 $1 32. a5 Rb3 33. Ne1 f5 34.
Rd1 34... Kc6 {  Black won Pa5 and game in another 25.} 35. Nd3 Kb5 36. Ne5 f6
37. Nd3 Rc7 38. g3 Kxa5 39. Ra1+ Kb5 40. Nf4 Nxf4 41. Rxf4 a5 42. Re1 Re7 43.
Rxf5+ Kb6 44. Rxf6 a4 45. Rexe6+ Rxe6 46. Rxe6+ Kb5 47. Re5+ Kc4 48. Re4+ Kd5
49. Rh4 a3 50. Rh5+ Ke4 51. Ra5 Rb2 52. Kg2 a2 53. h4 b3 54. Ra4+ Kd3 55. g4
Rb1 56. g5 a1=Q 57. Rxa1 Rxa1 58. h5 b2 59. g6 hxg6 60. hxg6 b1=Q 0-1

[Event "Columbia-Aces"]
[Site "?"]
[Date "1999.02.11"]
[Round "?"]
[White "Pratts, M"]
[Black "Frank, M"]
[Result "0-1"]
[WhiteElo "1735"]
[BlackElo "1837"]
[PlyCount "54"]
[EventDate "1999.??.??"]

1. Nf3 d5 2. c4 dxc4 3. e3 Nf6 4. Bxc4 Nc6 5. d4 Bg4 6. h3 Bh5 7. Nc3 e6 8. Bd2
Be7 9. Bb5 O-O 10. Bxc6 bxc6 11. O-O c5 12. dxc5 Bxf3 13. gxf3 Bxc5 14. Qe2 Rb8
15. Na4 Bd6 16. Rfd1 Qd7 17. b3 Rfd8 18. Rac1 Rb5 19. e4 g6 20. Kg2 Nh5 21. Be3
Qe7 22. Rc6 Bf4 23. Rxd8+ Qxd8 24. Kf1 Bxe3 25. Qxe3 Qd1+ 26. Kg2 f6 27. Rxc7
Rg5+ 0-1

[Event "Aces-Columbia"]
[Site "?"]
[Date "1999.02.11"]
[Round "?"]
[White "Franek, M"]
[Black "Stevens, J"]
[Result "0-1"]
[WhiteElo "1772"]
[BlackElo "1602"]
[PlyCount "88"]
[EventDate "1999.??.??"]

1. d4 d5 2. c4 c6 3. Nf3 Nf6 4. e3 Bf5 5. Qb3 Qb6 6. Nc3 Qxb3 7. axb3 e6 8. Be2
Be7 9. O-O O-O 10. Nd2 Nbd7 11. f3 c5 12. Re1 cxd4 13. exd4 dxc4 14. bxc4 a6
15. Nde4 Nxe4 16. fxe4 Bg6 17. Be3 Rac8 18. Red1 e5 19. Kh1 exd4 20. Bxd4 Bf6
21. Bxf6 Nxf6 22. e5 Nh5 23. Nd5 f5 24. Ne7+ Kf7 25. Nxc8 Rxc8 26. Bxh5 Bxh5
27. Rd7+ Ke6 28. Rxb7 Rxc4 29. h3 Kxe5 30. Rxa6 Kf4 31. Ra3 Be8 32. g3+ Kg5 33.
Rxg7+ Kh6 34. Re7 Bc6+ 35. Kg1 Rc1+ 36. Kf2 Rc2+ 37. Re2 Rc1 38. Ra6 Kg5 39.
Re7 Rc2+ 40. Re2 Rxe2+ 41. Kxe2 Bb5+ 42. Ke3 Bxa6 43. h4+ Kg4 44. b4 Kxg3 0-1

[Event "Tyros-Fermi"]
[Site "?"]
[Date "1999.03.04"]
[Round "?"]
[White "Tamez, I"]
[Black "Spiegel, L"]
[Result "0-1"]
[WhiteElo "2211"]
[BlackElo "2063"]
[PlyCount "68"]
[EventDate "1999.??.??"]

1. e4 e6 2. d4 d5 3. Nd2 Nf6 4. e5 Nfd7 5. f4 c5 6. c3 Nc6 7. Ndf3 7... Qb6 { }
8. g3 cxd4 9. cxd4 f6 10. Bd3 { } 10... Bb4+ ({Of course, not} 10... Nxd4 $4 {
allows the standard} 11. Nxd4 Qxd4 12. Bg6+ {winning Q}) 11. Kf1 O-O 12. Kg2
12... Kh8 { } 13. Bb1 {Pd4 needed protection now. 13 Bc2 was necessary} 13...
Be7 14. a3 Na5 15. Bc2 15... Qc7 { } 16. Nh3 (16. g4 {idea Qd3}) 16... b5 17.
b3 17... Ba6 { } 18. Ra2 b4 19. a4 19... Rfc8 { } 20. exf6 gxf6 21. Re1 21...
Qb6 { } 22. f5 e5 23. dxe5 23... Re8 { } 24. Bb2 Qc6 25. Nd4 Qc8 26. Ne6 { }
26... Rg8 27. exf6 Nxf6 28. Nhg5 { threat Nf7#  White also wants to play Qh5}
28... Rxg5 29. Nxg5 29... d4 $2 { } 30. Bxd4 $2 (30. Rxe7 Bb7+ 31. Kg1) 30...
Bb7+ 31. Kh3 (31. Kg1 Qc6) 31... Nxb3 { } 32. Bxb3 (32. Rxe7 {
and Wh wins Nf6 or Ph7}) 32... Qxf5+ 33. Qg4 $4 {looks like time pressure} (33.
Kh4) 33... Bg2+ (33... Qxg4#) 34. Rxg2 Qxg4# 0-1